Countries with the highest percent of water in their total land area - Statistics

General Stats
  • This quiz has been taken 19 times
  • The average score is 4 of 10
Answer Stats
Hint Answer % Correct
17 Uganda
73%
12.3 Bangladesh
67%
19 Netherlands
53%
20.6 Malawi
47%
10.4 The Gambia
47%
27.8 Bahamas
33%
22.2 Guinea-Bissau
33%
14.1 Eritrea
27%
13.5 Liberia
27%
10.3 Taiwan
20%
No matching quizzes found
Score Distribution
Percent of People with Each Score
Percentile by Number Answered
Your Score History
You have not taken this quiz